20 năm đổi mới và sự hình thành thể chế kinh tế thị trường định hướng XHCN
Quá trình đổi mới và sự lựa chọn kinh tế thị trường định hướng XHCN ở nước ta; Đổi mới thể chế kinh tế chính trị phù hợp với cơ chế thị trường; Lí luận về sở hữu và tái cơ cấu doanh nghiệp; Hội nhập và nâng cao sức cạnh tranh của nền kinh tế...
Wedi'i Gadw mewn:
| Prif Awdur: | |
|---|---|
| Fformat: | Llyfr |
| Iaith: | Vietnamese |
| Cyhoeddwyd: |
H.
Lý luận chính trị
2005
|
| Pynciau: | |
| Tagiau: |
Ychwanegu Tag
Dim Tagiau, Byddwch y cyntaf i dagio'r cofnod hwn!
|
| Thư viện lưu trữ: | Mạng thư viện Đại học Đà Nẵng |
|---|
| LEADER | 01684aam a22003978a 4500 | ||
|---|---|---|---|
| 001 | 000007350 | ||
| 003 | 3511 | ||
| 005 | 20111117081138.0 | ||
| 008 | 110929s2005 viesd | ||
| 020 | |c 28000đ |d 1000b | ||
| 041 | |a vie | ||
| 082 | 1 | 4 | |2 14 |a 330.959712 |b NG-C |
| 084 | |a Q9(1)0-18 | ||
| 084 | |b H000M | ||
| 100 | 0 | |a Nguyễn Cúc | |
| 245 | |a 20 năm đổi mới và sự hình thành thể chế kinh tế thị trường định hướng XHCN |c Nguyễn Cúc | ||
| 260 | |a H. |b Lý luận chính trị |c 2005 | ||
| 300 | |a 250 tr. |c 21cm. | ||
| 504 | |a Thư mục: tr. 250 | ||
| 520 | |a Quá trình đổi mới và sự lựa chọn kinh tế thị trường định hướng XHCN ở nước ta; Đổi mới thể chế kinh tế chính trị phù hợp với cơ chế thị trường; Lí luận về sở hữu và tái cơ cấu doanh nghiệp; Hội nhập và nâng cao sức cạnh tranh của nền kinh tế | ||
| 650 | 7 | |2 Bộ TK TVQG |a Kinh tế thị trường | |
| 650 | 7 | |2 Bộ TK TVQG |a Kinh tế | |
| 650 | 7 | |2 Bộ TK TVQG |a Thể chế | |
| 650 | 7 | |2 Bộ TK TVQG |a Định hướng XHCN | |
| 651 | 7 | |2 Bộ TK TVQG |a Việt Nam | |
| 910 | |a Huỳnh Thị Cẩm Lai |d 29/09/2011 | ||
| OWN | |a LSP | ||
| AVA | |a UDN50 |b LSP |d 330.959712 NG-C |e available |t Error 5001 Not defined in file expand_doc_bib_avail. |f 1 |g 0 |h N |i 0 |k 1 | ||
| 999 | |a From the UDN01 | ||
| AVA | |a UDN50 |b LSP |d 330.959712 NG-C |e available |t Error 5001 Not defined in file expand_doc_bib_avail. |f 1 |g 0 |h N |i 0 |k 1 | ||
| TYP | |a Monograph | ||
| TYP | |a Printed language | ||
| 980 | |a Mạng thư viện Đại học Đà Nẵng | ||